Splnomocnenie podnikateľa v konaní voči finančnej správe
Kto môže byť zástupcom, resp. splnomocnencom. Udelenie, prijatie a zánik plnomocenstva. Obsah plnomocenstva a vzory plnomocenstva. Zodpovednosť podnikateľa. Substitučné zastúpenie a poverenie. Prípad, ak podnikateľ nesplnomocní žiadneho zástupcu.
Salvato in:
| Autore principale: | |
|---|---|
| Natura: | Capitolo di libro |
| Lingua: | slovacco |
| Soggetti: | |
| Tags: |
Nessun Tag, puoi essere il primo ad aggiungerne!!
|
MARC
| LEADER | 00000naa a2200000 4500 | ||
|---|---|---|---|
| 001 | 0314574 | ||
| 005 | 20260127134919.4 | ||
| 041 | 0 | |a slo | |
| 044 | |a SK | ||
| 245 | 1 | 0 | |a Splnomocnenie podnikateľa v konaní voči finančnej správe |c Ingrid Spišáková |
| 520 | |a Kto môže byť zástupcom, resp. splnomocnencom. Udelenie, prijatie a zánik plnomocenstva. Obsah plnomocenstva a vzory plnomocenstva. Zodpovednosť podnikateľa. Substitučné zastúpenie a poverenie. Prípad, ak podnikateľ nesplnomocní žiadneho zástupcu. | ||
| 610 | 2 | 0 | |a správa daňová |
| 610 | 2 | 0 | |a správa finančná |
| 610 | 2 | 0 | |a podnikatelia |
| 610 | 2 | 0 | |a splnomocnenie |
| 610 | 2 | 0 | |a zástupcovia právni |
| 610 | 2 | 0 | |a zákony |
| 610 | 2 | 0 | |a vzory |
| 100 | 1 | |a Spišáková, Ingrid | |